Delivering sustainable development: a framework for setting targets and monitoring outcomes (Record no. 67159)

MARC details
000 -LEADER
fixed length control field 01276cam a2200253 4500
001 - CONTROL NUMBER
control field ABS63975
008 - FIXED-LENGTH DATA ELEMENTS--GENERAL INFORMATION
fixed length control field 000000n2001 000 0 eng u
035 ## - SYSTEM CONTROL NUMBER
System control number (Sirsi) u112814
100 ## - MAIN ENTRY--PERSONAL NAME
Personal name Roberts, P
245 ## - TITLE STATEMENT
Title Delivering sustainable development: a framework for setting targets and monitoring outcomes
260 ## - PUBLICATION, DISTRIBUTION, ETC.
Date of publication, distribution, etc. 2001
490 ## - SERIES STATEMENT
Series statement Town & Country Planning
Volume/sequential designation 70(4) April 2001, 116-119(4)
520 ## - SUMMARY, ETC.
Summary, etc. Recent guidance on the delivery of sustainable development using performance measures has been criticised for focusing on objectives and monitoring national trends rather than providing practical techniques. Article reports on research into the use of sustainable development indicators (SDIs) by Scottish Entreprise, and discusses the model adopted for the Tayside region. Argues that sustainable development performance measures must go beyond a 'one-size-fits-all' approach and be able to adapt to the different characteristics and problems of individual areas or organisations.
590 ## - LOCAL NOTE (RLIN)
Local note ABS
650 ## - SUBJECT ADDED ENTRY--TOPICAL TERM
Topical term or geographic name entry element SCOTLAND
650 ## - SUBJECT ADDED ENTRY--TOPICAL TERM
Topical term or geographic name entry element TARGETS
650 ## - SUBJECT ADDED ENTRY--TOPICAL TERM
Topical term or geographic name entry element PERFORMANCE INDICATORS
650 ## - SUBJECT ADDED ENTRY--TOPICAL TERM
Topical term or geographic name entry element SUSTAINABLE DEVELOPMENT
650 ## - SUBJECT ADDED ENTRY--TOPICAL TERM
Topical term or geographic name entry element MONITORING
690 ## - LOCAL SUBJECT ADDED ENTRY--TOPICAL TERM (OCLC, RLIN)
Topical term or geographic name as entry element DEVELOPMENT-SUSTAINABLE
700 ## - ADDED ENTRY--PERSONAL NAME
Personal name Llanwarne, A
700 ## - ADDED ENTRY--PERSONAL NAME
Personal name Jackson, T
942 ## - ADDED ENTRY ELEMENTS (KOHA)
Suppress in OPAC 0
Holdings
Withdrawn status Lost status Source of classification or shelving scheme Damaged status Not for loan Home library Current library Shelving location Date acquired Total Checkouts Full call number Barcode Date last seen Copy number Price effective from Koha item type
    Dewey Decimal Classification     London London Journal article 29/05/2001   ABS63975 112814-1001 06/08/2019 1 06/08/2019 Journal article